000 00329nam a2200145Ia 4500
008 210210b1921 xxu||||| |||| 00| 0 eng d
041 _aeng
082 _a590/284
100 _aSHERIFS (W R)
245 _aZoology
260 _aLondon
_bMacmillan & Co. Ltd.
_c1921
650 _aZoology
690 _aZoology
906 _a010854
999 _c138746
_d138746